| 000 | 00798nam a2200241 a 4500 | ||
|---|---|---|---|
| 005 | 20230527063543.0 | ||
| 008 | 991125s2004 mx 000 0 spa u | ||
| 020 | _a9688535605 | ||
| 035 | _aUPN01000142368 | ||
| 049 | _aCG | ||
| 050 | 4 |
_aBF724 _bD6.28a |
|
| 100 | 1 |
_aDolto, Francoise, _d1908-1988 |
|
| 245 | 1 | 3 |
_aLa causa de los adolescentes / _cFrancoise Dolto ; tr. Rosa María Bassols. |
| 260 |
_aMéxico : _bPaidós, _c2004. |
||
| 300 | _a294 p. | ||
| 440 | 0 | _aGuía para padres | |
| 500 | _aPor la autora de la causa de los niños, un proyecto humanista para el desarrollo de los 10 a los 16 años | ||
| 650 | 4 |
_aPsicología del adolescente _91013 |
|
| 650 | 0 |
_aAdolescentes _91014 |
|
| 650 | 4 |
_aCOMUNICACION - _xASPECTOS PSICOLOGICOS _99543 |
|
| 905 | _aLibro | ||
| 999 |
_c114515 _d114515 |
||